000 00413nam a22001577a 4500
005 20230215114150.0
008 170602b xxu||||| |||| 00| 0 eng d
020 _a9780276421440
040 _c.
082 _a428
100 _aElison,John
_91958
245 _aThe Right Word at the Right Time /
_cJohn Elison ,
260 _aLondon,
_bReader's Digest,
_c2013.
300 _a688 p. ;
_c24 cm.
942 _2ddc
_cBK
999 _c330009
_d330009